Complex variables and the Laplace transform for engineers (Record no. 13856)

000 -LEADER
fixed length control field 00606nam a22002051 4500
001 - CONTROL NUMBER
control field 13856
003 - CONTROL NUMBER IDENTIFIER
control field BD-DhUET
008 - FIXED-LENGTH DATA ELEMENTS--GENERAL INFORMATION
fixed length control field 840622s1961 nyua b 000 0 eng
040 ## - CATALOGING SOURCE
Original cataloging agency DLC
Transcribing agency DLC
Modifying agency BD-DhUET
082 00 - DEWEY DECIMAL CLASSIFICATION NUMBER
Classification number 517.862
Item number LEP/1961
100 ## - MAIN ENTRY--PERSONAL NAME
Personal name LePage, Wilbur R.
245 10 - TITLE STATEMENT
Title Complex variables and the Laplace transform for engineers
250 ## - EDITION STATEMENT
Edition statement 1st ed.
260 ## - PUBLICATION, DISTRIBUTION, ETC. (IMPRINT)
Place of publication, distribution, etc. Bombay
Name of publisher, distributor, etc. McGraw-Hill
Date of publication, distribution, etc. 1961
300 ## - PHYSICAL DESCRIPTION
Extent xvi, 475 p.
Other physical details ill.
Dimensions 24 cm.
490 ## - SERIES STATEMENT
Series statement International series in pure and applied mathematics
504 ## - BIBLIOGRAPHY, ETC. NOTE
Bibliography, etc Includes bibliographies
650 #0 - SUBJECT ADDED ENTRY--TOPICAL TERM
Topical term or geographic name as entry element Calculus - Complex variables
942 ## - ADDED ENTRY ELEMENTS (KOHA)
Koha item type General Book
Holdings
Koha normalized classification for sorting Piece designation (barcode) Sublocation or collection (holding branch) Location (home branch) Source of classification or shelving scheme Date acquired Shelving location Koha date last seen Koha item type Koha full call number Not for loan Price effective from Withdrawn status Copy number Damaged status Lost status
517_862000000000000_LEP_196140116Central Library, BUETCentral Library, BUET 2015-03-05Circulation section2015-03-05General Book517.862/LEP/1961 2015-03-05 1  
517_862000000000000_LEP_196124385Central Library, BUETCentral Library, BUET 2015-03-05Circulation section2015-03-05General Book517.862/LEP/1961 2015-03-05 2  
517_862000000000000_LEP_19616374Central Library, BUETCentral Library, BUET 2015-03-07Circulation section2015-03-07General Book517.862/LEP/1961 2015-03-07 3  
517_862000000000000_LEP_196151027Central Library, BUETCentral Library, BUET 2015-03-07Circulation section2015-03-07General Book517.862/LEP/1961 2015-03-07 4  
517_862000000000000_LEP_196120963Central Library, BUETCentral Library, BUET 2015-03-07Circulation section2015-03-07General Book517.862/LEP/1961 2015-03-07 5  
517_862000000000000_LEP_196142659Central Library, BUETCentral Library, BUET 2015-03-07Circulation section2015-03-07General Book517.862/LEP/1961 2015-03-07 6  
517_862000000000000_LEP_196140115Central Library, BUETCentral Library, BUET 2015-03-07Circulation section2015-03-07General Book517.862/LEP/1961 2015-03-07 7  
517_862000000000000_LEP_196139671Central Library, BUETCentral Library, BUET 2015-03-07Circulation section2015-03-07General Book517.862/LEP/1961 2015-03-07 8  
517_862000000000000_LEP_196139670Central Library, BUETCentral Library, BUET 2015-03-07Circulation section2015-03-07General Book517.862/LEP/1961 2015-03-07 9  
517_862000000000000_LEP_196142660Central Library, BUETCentral Library, BUET 2015-03-07Circulation section2015-03-07General Book517.862/LEP/1961 2015-03-07 10  
517_862000000000000_LEP_196142661Central Library, BUETCentral Library, BUET 2015-03-09Circulation section2015-03-09General Book517.862/LEP/1961 2015-03-09 11  
517_862000000000000_LEP_196151026Central Library, BUETCentral Library, BUET 2015-03-09Circulation section2015-03-09General Book517.862/LEP/1961 2015-03-09 12  
517_862000000000000_LEP_19612039Central Library, BUETCentral Library, BUET 2015-05-03Circulation section2015-05-03General Book517.862/LEP/1961 2015-05-03 13  
517_862000000000000_LEP_19616375Central Library, BUETCentral Library, BUET 2015-05-03Circulation section2015-05-03General Book517.862/LEP/1961 2015-05-03 14  
517_862000000000000_LEP_19612041Central Library, BUETCentral Library, BUET 2015-05-03Circulation section2015-05-03General Book517.862/LEP/1961 2015-05-03 15  
517_862000000000000_LEP_19612040Central Library, BUETCentral Library, BUET 2015-05-03Circulation section2015-05-03General Book517.862/LEP/1961 2015-05-03 16